日本の歴史上の戦いの名前になった元号 - Statistics

General Stats
  • This quiz has been taken 285 times
    284 since last reset
  • The average score is 9 of 27
Answer Stats
西暦 解説 戦乱名 元号 % Correct
1467~1477 畠山氏・斯波氏・足利将軍家の後継争いをきっかけにした室町幕府内の戦乱 __・__の乱 応仁
75%
1221 後鳥羽上皇を中心とした朝廷勢力を執権北条義時を中心とする鎌倉幕府が破った戦乱 __の乱 承久
73%
1160 平清盛による平氏政権成立のきっかけとなった戦乱 __の乱 平治
71%
1156 朝廷が後白河天皇方と崇徳上皇方に分かれ、後白河天皇が勝利した戦乱 __の乱 保元
66%
1281 モンゴル・高麗の連合軍が九州北部に侵攻し、鎌倉幕府が撃退した戦乱 __・__の役 弘安
63%
1274 モンゴル・高麗の連合軍が九州北部に侵攻し、鎌倉幕府が撃退した戦乱 __・__の役 文永
58%
1597~1598 上記戦役の講和交渉が決裂した後、秀吉の死により日本軍が撤退するまでの戦い __の役 慶長
56%
1592~1593 関白豊臣秀吉が明の征服を目指して朝鮮半島へ侵攻した戦い __の役 文禄
53%
1350~1352 足利直義と高師直の争いに端を発する足利政権の内乱 __の擾乱 観応
39%
1441 室町将軍足利義教が赤松満祐に暗殺されたことをきっかけとする戦乱 __の乱 嘉吉
32%
939~941 関東で平将門、瀬戸内で藤原純友が朝廷に叛旗を翻した反乱を総称して __・__の乱 天慶
31%
1180~1185 源頼朝を中心とする武士勢力が平氏政権を打倒した戦乱 __・__の乱 治承
29%
1180~1185 源頼朝を中心とする武士勢力が平氏政権を打倒した戦乱 __・__の乱 寿永
29%
1247 執権北条時頼により三浦氏が滅ぼされた戦乱 __合戦 宝治
29%
939~941 関東で平将門、瀬戸内で藤原純友が朝廷に叛旗を翻した反乱を総称して __・__の乱 承平
23%
1336 足利尊氏を中心とした勢力が後醍醐天皇を吉野に追いやった戦乱 __の乱 建武
21%
1324 後醍醐天皇の討幕計画が発覚した事件 __の変 正中
17%
1399 室町将軍足利義満が大内義弘を破った戦乱 __の乱 応永
17%
1331~1333 後醍醐天皇を中心とした勢力が鎌倉幕府を滅亡させた戦乱 __の乱 元弘
15%
1438 鎌倉公方足利持氏が室町幕府に叛旗を翻し破れた戦乱 __の乱 永享
15%
1493 管領細川政元により将軍足利義材が廃され、足利義遐(義澄)が就任した事件 __の政変 明応
13%
1455~1483 古河公方足利成氏と山内上杉家・扇谷上杉家の間の戦乱 __の乱 享徳
12%
1467~1477 畠山氏・斯波氏・足利将軍家の後継争いをきっかけにした室町幕府内の戦乱 __・__の乱 文明
12%
1392 室町将軍足利義満が山名氏清・山名満幸を破った戦乱 __の乱 明徳
11%
1507~1532 管領細川政元が暗殺され、管領細川氏および室町将軍家の後継争いに発展した事件 __の錯乱 永正
6%
1487~1505 山内上杉家と扇谷上杉家の間の戦乱 __の乱 長享
3%
1491 室町幕府の威信回復を目指して将軍足利義尚および義材が六角氏討伐を行った戦乱 __・__の乱 延徳
1%
No matching quizzes found
Score Distribution
Percent of People with Each Score
Percentile by Number Answered
Your Score History
You have not taken this quiz since the last reset